| 000 | 00732nam a2200253 a 4500 | ||
|---|---|---|---|
| 001 | 13145 | ||
| 003 | BD-JhCC | ||
| 005 | 20230713084723.0 | ||
| 008 | 221019s2021 bg |||| ||a| 000 0 ben d | ||
| 020 | _a9789849607106 | ||
| 035 | _a(BD-JhCC)13145 | ||
| 040 |
_aBD-JhCC _dBD-JhCC |
||
| 041 | _aBengali | ||
| 082 |
_bMAJ 2021 _a813.6 |
||
| 100 | _aমজুদার,মেঘা | ||
| 245 |
_aআ বানিং / _cমেঘা মজুদার,অনু: নাহিদ খান । |
||
| 260 |
_aঢাকা : _bবাতিঘর; _c2021. |
||
| 300 |
_a197 p. : _c20 cm. |
||
| 650 | _aRailroad accidents | ||
| 650 |
_aCorruption _zIndia |
||
| 700 | _aখান,নাহিদ | ||
| 942 |
_2ddc _cBK |
||
| 999 |
_c13145 _d13145 |
||